Żużel - Zawodnicy KLŻ w sezonie 2026 - Statystyki

Ogólne statystyki
  • Ten quiz został rozwiązany 33 razy
    22 od ostatniego zresetowania
  • Średni wynik to 27 z 61
Statystyki odpowiedzi
Drużyna Zawodnik % Poprawnych
Start Gniezno Patryk Budniak
91%
Wybrzeże Gdańsk Miłosz Wysocki
82%
Kolejarz Opole Vaclav Milik
82%
Start Gniezno Kevin Fajfer
73%
Wybrzeże Gdańsk Krystian Pieszczek
73%
Start Gniezno Norbert Krakowiak
73%
Kolejarz Opole Oskar Polis
73%
Start Gniezno Sam Masters
73%
Lokomotiv Daugavpils Daniił Kołodinski
64%
Lokomotiv Daugavpils David Bellego
64%
Speedway Kraków Dawid Rempała
64%
Landshut Devils Jonas Knudsen
64%
Wybrzeże Gdańsk Timo Lahti
64%
Start Gniezno Adam Ellis
55%
Śląsk Świętochłowice Adrian Gała
55%
Wybrzeże Gdańsk Eryk Kamiński
55%
Kolejarz Opole Hubert Łęgowik
55%
Start Gniezno Jacob Jensen
55%
Wybrzeże Gdańsk Jacob Thorssell
55%
Śląsk Świętochłowice Leon Szlegiel
55%
Kolejarz Opole Oskar Stępień
55%
Wybrzeże Gdańsk Tim Soerensen
55%
Start Gniezno Anże Grmek
45%
Wybrzeże Gdańsk Casper Henriksson
45%
Lokomotiv Daugavpils Drew Kemp
45%
Landshut Devils Erik Riss
45%
Landshut Devils Hannah Grunwald
45%
Lokomotiv Daugavpils Jewgienij Kostygow
45%
Start Gniezno Mateusz Latała
45%
Śląsk Świętochłowice Mateusz Tonder
45%
Kolejarz Opole Matić Ivacić
45%
Śląsk Świętochłowice Matteo Boncinelli
45%
Wybrzeże Gdańsk Mikołaj Krok
45%
Lokomotiv Daugavpils Oleg Michaiłow
45%
Śląsk Świętochłowice Bastian Borke
36%
Kolejarz Opole Dawid Rozpędek
36%
Kolejarz Opole Jonas Jeppesen
36%
Speedway Kraków Kacper Łobodziński
36%
Landshut Devils Kevin Woelbert
36%
Speedway Kraków Marko Lewiszyn
36%
Lokomotiv Daugavpils Nikita Kaulins
36%
Landshut Devils Paco Castagna
36%
Speedway Kraków Richard Lawson
36%
Speedway Kraków Stanisław Melnyczuk
36%
Wybrzeże Gdańsk Steven Goret
36%
Landshut Devils Charles Wright
27%
Lokomotiv Daugavpils Damir Filimonow
27%
Lokomotiv Daugavpils Emil Rimican
27%
Kolejarz Opole James Pearson
27%
Landshut Devils Kim Nilsson
27%
Landshut Devils Lars Skupień
27%
Landshut Devils Leon Flint
27%
Landshut Devils Mario Hausl
27%
Speedway Kraków Michael West
27%
Śląsk Świętochłowice Andrij Rozaluk
18%
Śląsk Świętochłowice Bartosz Szymura
18%
Speedway Kraków Dawid Grzeszczyk
18%
Śląsk Świętochłowice Jakub Breński
18%
Landshut Devils Janek Konzack
18%
Śląsk Świętochłowice Rune Thorst
18%
Speedway Kraków Filip Bęczkowski
9%
Nie znaleziono quizów pasujących do podanych kryteriów
Rozkład punktacji
Procent ludzi z każdym wynikiem
Percentyl według liczby udzielonych odpowiedzi
Twoja historia wyników
Nie rozwiązałeś tego quizu od ostatniego zresetowania